| 000 | 00798nam a22002297a 4500 | ||
|---|---|---|---|
| 999 |
_c3763 _d3763 |
||
| 003 | OSt | ||
| 005 | 20241022110924.0 | ||
| 008 | 241022b ||||| |||| 00| 0 eng d | ||
| 020 | _a9780008537784 | ||
| 040 | _cKH8 | ||
| 082 | _aFIC TOL | ||
| 100 |
_aTolkien, J. R. R, _eauthor. |
||
| 245 |
_aThe Two Towers / _cJ. R. R. Tolkien. |
||
| 260 |
_aLondon ; _bHarperCollinsPublishers, _c2022. |
||
| 300 |
_aviii, 971 pages : _bmaps ; _c18 cm. |
||
| 490 |
_aThe Lord of the Rings _vpart 2 |
||
| 520 | _aBegin your journey into Middle-earth. A New Legend Begins on Prime Video, in The Lord of the Rings: The Rings of Power. | ||
| 650 |
_aMiddle Earth (Imaginary place) _vFiction. |
||
| 650 | _aFantasy fiction, English. | ||
| 650 |
_aBaggins, Frodo (Fictitious character) _vFiction. |
||
| 942 |
_2ddc _cFIC |
||